Temple and society in south india / (Record no. 141344)
[ view plain ]
| 000 -LEADER | |
|---|---|
| fixed length control field | 00543nam a22001817a 4500 |
| 005 - DATE AND TIME OF LATEST TRANSACTION | |
| control field | 20170619121555.0 |
| 010 ## - LCCN (DPL NO) | |
| LC control number | ENG-118854 |
| 020 ## - INTERNATIONAL STANDARD BOOK NUMBER | |
| International Standard Book Number | 9788174791887 |
| Terms of availability | 1750.00 |
| 035 ## - SYSTEM CONTROL NUMBER | |
| System control number | EN-102386 |
| 037 ## - SOURCE OF ACQUISITION | |
| Source of stock number/acquisition | DBAD/PUB |
| 082 ## - DEWEY DECIMAL CLASSIFICATION NUMBER | |
| Classification number | 230.754 |
| 245 ## - TITLE STATEMENT | |
| Title | Temple and society in south india / |
| Statement of responsibility, etc | edited by K. Mavali Rajan |
| 260 ## - PUBLICATION, DISTRIBUTION, ETC. (IMPRINT) | |
| Place of publication, distribution, etc | New Delhi |
| Name of publisher, distributor, etc | Kaveri Books |
| Date of publication, distribution, etc | 2015 |
| 270 ## - ADDRESS | |
| Address | 4832/24, Ansari Road New Delhi-110002 (India) |
| 300 ## - PHYSICAL DESCRIPTION | |
| Extent | xvii,286p |
| Dimensions | 24cm.(Hb) |
| 700 ## - ADDED ENTRY--PERSONAL NAME | |
| Personal name | Rajan, K. Mavali |
| 942 ## - ADDED ENTRY ELEMENTS (KOHA) | |
| Source of classification or shelving scheme | Dewey Decimal Classification |
| Item type | English Books |
| Classification part | 230.754 |
| Call number suffix | TEM |
| Withdrawn status | Lost status | Not for loan | Collection code | Home library | Current library | Date acquired | Source of acquisition | Cost, normal purchase price | Full call number | Barcode | Copy number | Cost, replacement price | Koha item type |
|---|---|---|---|---|---|---|---|---|---|---|---|---|---|
| Not For Loan | Non-fiction | D.B.Act.Division | Bawana | 19/06/2017 | DBAD/PUB | 1750.00 | 230.754 TEM | EN-102386 | 1 | 1750.00 | English Books |
